Steven Universe - Dear Old Dad - Lyrics Quiz - Statistics

General Stats
  • This quiz has been taken 22 times
  • The average score is 102 of 123
Answer Stats
Character Lyrics % Correct
again.
100%
dad,
100%
Steven Universe Dear
100%
do
100%
I
100%
it
100%
me,
100%
old
100%
ooh
100%
ooh.
100%
remember
100%
sing
100%
to
100%
when
100%
would
100%
you
100%
you,
100%
Steven and Greg Universe You
100%
no
94%
on
94%
son,
94%
and
88%
how
88%
Greg Universe My
88%
now.
88%
now,
88%
we
88%
'bout
82%
could
82%
your
82%
like
76%
one
76%
well
76%
darling
71%
shoulders,
71%
sit
71%
the
71%
this
71%
there's
65%
There's
65%
world,
65%
world
65%
In
59%
child,
53%
Gems,
53%
of
53%
too.
53%
why
53%
wide
53%
whole
47%
as
41%
ooh
41%
ooh.
41%
was
41%
Beloved
35%
get
35%
older
35%
wondering
35%
by.
29%
keep
29%
days
24%
going
24%
No matching quizzes found
Score Distribution
Percent of People with Each Score
Percentile by Number Answered
Your Score History
You have not taken this quiz